| 000 | 00417nam a22001577a 4500 | ||
|---|---|---|---|
| 005 | 20251108165036.0 | ||
| 008 | 250721s1990 xx 000 0 ara d | ||
| 082 | 1 | 4 | _a364/خار |
| 245 | 1 | 0 | _aالخارجون على القانون / |
| 264 | 1 |
_aالزرقاء : _bدار الجديد، _c1990. |
|
| 300 | _a128ص | ||
| 650 | 1 | 7 | _aالجريمة |
| 650 | 1 | 7 | _aالمجرمون |
| 942 |
_2ddc _cBK |
||
| 999 |
_c20678 _d20678 |
||